000 00328nam a2200145Ia 4500
003 OSt
008 191201s2014 xx 000 0 und d
082 _a658.4034
_bVEO
100 _aVERMA, A.P.
245 0 _aOperations Research
260 _aNew Delhi
_bKatson
_c2014
300 _a1184
650 _aB.Tech(ME)
942 _2ddc
_cBK
999 _c6241
_d6241